Busiest Melbourne Train Stations - Statistics

General Stats
  • This quiz has been taken 309 times
  • The average score is 11 of 15
Answer Stats
Daily Passengers Station % Correct
92,072 Flinders Street
99%
66,101 Southern Cross
98%
54,124 Melbourne Central
95%
39,251 Parliament
94%
18,693 Flagstaff
93%
10,635 Richmond
93%
17,830 Footscray
82%
15,555 South Yarra
80%
14,696 Caulfield
68%
7,626 Dandenong
65%
12,269 Box Hill
61%
6,829 Sunshine
57%
6,494 Camberwell
50%
10,195 Glenferrie
40%
6,524 Oakleigh
23%
No matching quizzes found
Score Distribution
Percent of People with Each Score
Percentile by Number Answered
Your Score History
You have not taken this quiz